| 000 | 00829nam a2200229 a 4500 | ||
|---|---|---|---|
| 001 | 41381 | ||
| 003 | BD-RjUL | ||
| 005 | 20211209053357.0 | ||
| 008 | 160529s2005 ii a|||| b||| 00| 0 ben d | ||
| 020 | _c: IRs 250.00 | ||
| 035 | _a(BD-RjUL)41498 | ||
| 040 |
_aBD-RjUL _bben _cBD-RjUL |
||
| 041 | _aben | ||
| 082 |
_223 _a891.4420954 _bMIA 2005 |
||
| 100 |
_aমিত্র, দিলীপ কুমার _9121417 |
||
| 245 | 1 | 0 |
_aআধুনিক ভারতীয় নাটক / _cদিলীপ কুমার মিত্র |
| 260 |
_aকলকাতা : _bদে'জ পাবলিশিং, _c২০০৫ |
||
| 300 |
_a৫২৮ পৃ. ; _c২১ সেমি. |
||
| 650 |
_aবাংলা নাটক _zভারত _9127232 |
||
| 650 |
_aBengali Drama _zIndia _9127233 |
||
| 942 |
_2ddc _cBK |
||
| 999 |
_c41381 _d41381 |
||